000 00311nam a2200145Ia 4500
100 _aRothman/Denis
650 _aArtificial Intelligence
942 _cBK
245 _aArtificial Intelligence by example
260 _bPACKT
_c2018
082 _a6.3
_bROT
300 _a470
546 _aENGLISH
999 _c19849
_d19849